Bishnu rabhar sangami abha (Record no. 2752)

MARC details
000 -LEADER
fixed length control field 00468cam a2200181ua 4500
008 - FIXED-LENGTH DATA ELEMENTS--GENERAL INFORMATION
fixed length control field 110915n ii |||gr||||Z||||||asm
040 ## - CATALOGING SOURCE
Transcribing agency MAIN
082 ## - DEWEY DECIMAL CLASSIFICATION NUMBER
Classification number 920
100 1# - MAIN ENTRY--PERSONAL NAME
Personal name Bora, Debendranath,
Relator term
245 11 - TITLE STATEMENT
Title Bishnu rabhar sangami abha
Statement of responsibility, etc. by Debendranath Bora
250 ## - EDITION STATEMENT
Edition statement 1st.
260 ## - PUBLICATION, DISTRIBUTION, ETC.
Place of publication, distribution, etc. Dibrugarh:
Name of publisher, distributor, etc. Bani mandir,996.
300 ## - PHYSICAL DESCRIPTION
Extent 159p:
Dimensions 23cm.
942 ## - ADDED ENTRY ELEMENTS (KOHA)
Koha item type Books
653 ## - INDEX TERM--UNCONTROLLED
Uncontrolled term Biography
653 ## - INDEX TERM--UNCONTROLLED
Uncontrolled term Biography of Bishnu rabhar sangami abha
Holdings
Withdrawn status Lost status Damaged status Not for loan Home library Current library Shelving location Date acquired Total Checkouts Full call number Barcode Date last seen Date last checked out Copy number Price effective from Koha item type
        Central Library, Naharkatiya College Central Library, Naharkatiya College General Stacks 19/09/2020 1 920 | BOR 8378 08/06/2023 06/06/2023 1 19/09/2020 Books

Naharkatiya College © 2020. All rights reserved.

Powered By